[Event "Madrid ch veteranos 2008-2009"]
[Site "Madrid ESP"]
[Date "2009.02.09"]
[Round "1.1"]
[White "Garcia Lopez, Pedro"]
[Black "Estrada Martinez, Cesar"]
[Result "0-1"]
[WhiteElo "1854"]
[BlackElo "2238"]
[PlyCount "48"]
[EventDate "2009.02.09"]
[EventType "swiss"]
[EventRounds "9"]
[EventCountry "ESP"]
[Source "lmi"]
[SourceDate "2009.02.09"]

1. d4 Nf6 2. c4 c5 3. d5 b5 4. b3 bxc4 5. bxc4 g6 6. Bb2 Bg7 7. e4 d6 8. Bd3
Nbd7 9. Nf3 O-O 10. O-O Rb8 11. Qc2 Rxb2 12. Qxb2 Nxd5 13. Qe2 Nf4 14. Qc2 Bxa1
15. Nc3 Bxc3 16. Qxc3 Nxd3 17. Qxd3 Ne5 18. Nxe5 dxe5 19. Qc2 Be6 20. Rd1 Qa5
21. h3 Rd8 22. Rd3 Qe1+ 23. Kh2 Rxd3 24. Qxd3 Qxf2 0-1

[Event "Madrid ch veteranos 2008-2009"]
[Site "Madrid ESP"]
[Date "2009.02.09"]
[Round "1.2"]
[White "Queimadelos Garcia, Victor"]
[Black "Gonzalo Gonzalez, Francisco"]
[Result "1-0"]
[WhiteElo "2082"]
[BlackElo "1853"]
[PlyCount "77"]
[EventDate "2009.02.09"]
[EventType "swiss"]
[EventRounds "9"]
[EventCountry "ESP"]
[Source "lmi"]
[SourceDate "2009.02.09"]

1. e4 c5 2. Nc3 Nc6 3. f4 d6 4. Nf3 Nf6 5. Bb5 Bd7 6. O-O a6 7. Bxc6 Bxc6 8.
Re1 b5 9. e5 Nd5 10. Ne4 Nxf4 11. d4 Bxe4 12. Bxf4 d5 13. dxc5 e6 14. b4 Be7
15. Nd4 Rc8 16. a4 Bg5 17. Qd2 Bxf4 18. Qxf4 Qd7 19. axb5 axb5 20. Ra5 Rb8 21.
Rea1 O-O 22. Ra7 Qe8 23. c3 f6 24. exf6 Rxf6 25. Qd6 Rg6 26. g3 Qf8 27. Nc6 Re8
28. Ne7+ Kh8 29. Nxg6+ hxg6 30. Qxf8+ Rxf8 31. Ra8 Kg8 32. Rxf8+ Kxf8 33. c6 d4
34. Ra8+ Ke7 35. c7 Bb7 36. c8=Q Bxc8 37. Rxc8 Kd7 38. Rc5 d3 39. Kf2 1-0

[Event "Madrid ch veteranos 2008-2009"]
[Site "Madrid ESP"]
[Date "2009.02.09"]
[Round "1.3"]
[White "Hernandez Del Can, Jose"]
[Black "Garcia Esteban, Ignacio"]
[Result "1/2-1/2"]
[WhiteElo "1848"]
[BlackElo "2072"]
[PlyCount "87"]
[EventDate "2009.02.09"]
[EventType "swiss"]
[EventRounds "9"]
[EventCountry "ESP"]
[Source "lmi"]
[SourceDate "2009.02.09"]

1. c4 Nf6 2. Nc3 g6 3. d4 d5 4. Nf3 Bg7 5. g3 O-O 6. Bg2 c6 7. cxd5 cxd5 8. O-O
Nc6 9. e3 Bg4 10. a3 Qc8 11. Qb3 Rd8 12. Nd2 Bh3 13. Qd1 e5 14. Nb3 e4 15. f3
Bxg2 16. Kxg2 b6 17. Bd2 Qa6 18. fxe4 dxe4 19. Rc1 Rac8 20. Qe2 Qb7 21. Kg1 Qd7
22. Qg2 Qe6 23. Na1 Na5 24. Ne2 Nc4 25. Nf4 Qd7 26. Rc2 Nd6 27. Rfc1 Rxc2 28.
Rxc2 Rc8 29. Rxc8+ Qxc8 30. Bc3 Nc4 31. Nc2 g5 32. Nh3 Qg4 33. Qf1 b5 34. b3
Nd6 35. Bb4 Nfe8 36. Nf2 Qe6 37. Qb1 f5 38. Bxd6 Nxd6 39. Nb4 f4 40. Qc1 f3 41.
d5 Qf6 42. Nc6 Qf7 43. Qc5 Qf6 44. Nd4 1/2-1/2

[Event "Madrid ch veteranos 2008-2009"]
[Site "Madrid ESP"]
[Date "2009.02.09"]
[Round "1.4"]
[White "Ciuro Munoz, Ricardo"]
[Black "Leniz Martinez, Francisco"]
[Result "1-0"]
[WhiteElo "2071"]
[BlackElo "1847"]
[PlyCount "81"]
[EventDate "2009.02.09"]
[EventType "swiss"]
[EventRounds "9"]
[EventCountry "ESP"]
[Source "lmi"]
[SourceDate "2009.02.09"]

1. e4 c5 2. Nf3 Nc6 3. d3 g6 4. g3 Bg7 5. Bg2 d6 6. O-O Nf6 7. Nbd2 Rb8 8. Re1
O-O 9. Nf1 b5 10. Bd2 a5 11. Qc1 Re8 12. c3 Ba6 13. h4 b4 14. c4 h5 15. Ne3 Bc8
16. Qc2 Bd7 17. Rad1 Qc8 18. Bc1 Bh3 19. Bh1 Bd7 20. b3 Ng4 21. Bb2 Nxe3 22.
fxe3 e5 23. d4 f5 24. dxc5 dxc5 25. Ng5 Ne7 26. Qd2 Be6 27. Qd6 Bf7 28. Nxf7
Kxf7 29. Bxe5 Bxe5 30. Qxe5 Rb6 31. Qf4 Kg7 32. e5 Rd8 33. Rd6 Rbxd6 34. exd6
Ng8 35. Qe5+ Kh7 36. Rd1 Nh6 37. Qe7+ Kh8 38. d7 Qc7 39. Rd6 Ng8 40. Qe5+ Kh7
41. Qe6 1-0

[Event "Madrid ch veteranos 2008-2009"]
[Site "Madrid ESP"]
[Date "2009.02.09"]
[Round "1.6"]
[White "Garcia Gutierrez, Jose"]
[Black "Gonzalez Cespedes, Manuel"]
[Result "1-0"]
[WhiteElo "2060"]
[BlackElo "1836"]
[PlyCount "79"]
[EventDate "2009.02.09"]
[EventType "swiss"]
[EventRounds "9"]
[EventCountry "ESP"]
[Source "lmi"]
[SourceDate "2009.02.09"]

1. e4 e5 2. d4 exd4 3. f4 d6 4. Nf3 Bg4 5. Bd3 Nc6 6. O-O Qd7 7. Nbd2 O-O-O 8.
h3 Bxf3 9. Nxf3 g6 10. Bd2 Nge7 11. b4 f5 12. b5 Nb8 13. e5 Bg7 14. a4 dxe5 15.
fxe5 Nd5 16. Qe1 Rde8 17. Qg3 Rhf8 18. Rfe1 f4 19. Qg5 Ne3 20. a5 c5 21. a6 b6
22. Be4 Qe7 23. Bxe3 Qxg5 24. Nxg5 fxe3 25. Nxh7 Rf2 26. Bxg6 Rxe5 27. Bd3 Nd7
28. Rf1 Rxf1+ 29. Kxf1 Nf6 30. Nxf6 Bxf6 31. Ke2 Bh4 32. g4 Re8 33. Rg1 Rf8 34.
Rg2 Bg5 35. Bf5+ Kc7 36. Rg3 Bh4 37. Rf3 Kd6 38. Rf4 Be7 39. Re4 Rh8 40. Re6+
1-0

[Event "Madrid ch veteranos 2008-2009"]
[Site "Madrid ESP"]
[Date "2009.02.09"]
[Round "1.7"]
[White "Corredor Gonzalez, Angel L"]
[Black "Campos Calvo-Sotelo, Juan"]
[Result "0-1"]
[WhiteElo "1800"]
[BlackElo "2057"]
[PlyCount "54"]
[EventDate "2009.02.09"]
[EventType "swiss"]
[EventRounds "9"]
[EventCountry "ESP"]
[Source "lmi"]
[SourceDate "2009.02.09"]

1. e4 e6 2. d4 a6 3. Nc3 b5 4. a3 Bb7 5. Nf3 Nf6 6. Bd3 c5 7. Bg5 h6 8. Bh4 g5
9. Bg3 c4 10. Be2 Nxe4 11. Nxe4 Bxe4 12. O-O Bg7 13. Bd6 Qb6 14. Bc5 Qc6 15.
Re1 d6 16. Bb4 O-O 17. Qd2 Nd7 18. b3 Nb6 19. Rac1 Nd5 20. Ba5 Nf4 21. Qe3 Nxg2
22. Kxg2 g4 23. Bc3 Rae8 24. Kg3 f5 25. Qf4 gxf3 26. Bxf3 e5 27. dxe5 dxe5 0-1

[Event "Madrid ch veteranos 2008-2009"]
[Site "Madrid ESP"]
[Date "2009.02.09"]
[Round "1.8"]
[White "Fuentes Arjona, Antonio"]
[Black "Ramos Orea, Tomas"]
[Result "1-0"]
[WhiteElo "2043"]
[BlackElo "1786"]
[PlyCount "63"]
[EventDate "2009.02.09"]
[EventType "swiss"]
[EventRounds "9"]
[EventCountry "ESP"]
[Source "lmi"]
[SourceDate "2009.02.09"]

1. e4 Nc6 2. d4 e5 3. d5 Nce7 4. Nf3 Ng6 5. c4 Bb4+ 6. Nc3 Nf6 7. Qc2 Bxc3+ 8.
Qxc3 Nxe4 9. Qc2 Nf6 10. Bd3 d6 11. Bg5 Qe7 12. O-O O-O 13. Rfe1 Re8 14. h4 Bg4
15. Nh2 Bd7 16. h5 Nf8 17. h6 Ng6 18. Re3 Qf8 19. Bf5 Bxf5 20. Qxf5 Ne7 21. Qh3
Rad8 22. Rf3 Ne4 23. hxg7 Qxg7 24. Bh6 Qg6 25. Re1 Kh8 26. Rxe4 Qxe4 27. Rxf7
Ng6 28. Bg5 Nh4 29. Bxh4 Rf8 30. Bf6+ Kg8 31. Rg7+ Kh8 32. Rg4+ 1-0

[Event "Madrid ch veteranos 2008-2009"]
[Site "Madrid ESP"]
[Date "2009.02.09"]
[Round "1.9"]
[White "Fernandez Martinez, Jose"]
[Black "Perez Cameselle, Francisco"]
[Result "0-1"]
[WhiteElo "1775"]
[BlackElo "1996"]
[PlyCount "84"]
[EventDate "2009.02.09"]
[EventType "swiss"]
[EventRounds "9"]
[EventCountry "ESP"]
[Source "lmi"]
[SourceDate "2009.02.09"]

1. d4 g6 2. c4 Nf6 3. Nc3 Bg7 4. e4 d6 5. Nf3 O-O 6. Be2 Nbd7 7. O-O e5 8. Bg5
h6 9. Be3 Ng4 10. Bc1 c6 11. h3 Ngf6 12. dxe5 dxe5 13. Be3 Qe7 14. a3 a5 15.
Qc2 Ne8 16. Qd2 Kh7 17. Rad1 f5 18. exf5 gxf5 19. Qc2 Kh8 20. Rfe1 e4 21. Nd4
Ne5 22. Nb3 Qh4 23. f4 exf3 24. Bf2 Qg5 25. Bf1 fxg2 26. Be2 Nf6 27. Bd4 Ne4
28. Nxe4 fxe4 29. Qxe4 Bf5 30. Qxg2 Qxg2+ 31. Kxg2 Be4+ 32. Kh2 Bc2 33. Nc5
Bxd1 34. Bxd1 Nf3+ 35. Bxf3 Bxd4 36. Ne6 Rxf3 37. Nxd4 Rf2+ 38. Kg3 Rxb2 39.
Re6 Rg8+ 40. Kh4 Rf2 41. Rxh6+ Kg7 42. Kh5 Rh8 0-1

[Event "Madrid ch veteranos 2008-2009"]
[Site "Madrid ESP"]
[Date "2009.02.09"]
[Round "1.10"]
[White "Gabriel y Galan Acevedo, Jesus"]
[Black "Diaz Begonte, Manuel"]
[Result "1-0"]
[WhiteElo "1994"]
[BlackElo "1761"]
[PlyCount "55"]
[EventDate "2009.02.09"]
[EventType "swiss"]
[EventRounds "9"]
[EventCountry "ESP"]
[Source "lmi"]
[SourceDate "2009.02.09"]

1. e4 d6 2. f4 d5 3. exd5 Qxd5 4. Nc3 Qd8 5. Nf3 Bf5 6. Bc4 e6 7. O-O Nf6 8.
Ne5 Qd4+ 9. Kh1 Ng4 10. Nb5 Nf2+ 11. Rxf2 Qxf2 12. Nxc7+ Kd8 13. Nxa8 Bxc2 14.
Qf1 Qxf1+ 15. Bxf1 Bg6 16. Bc4 Bd6 17. d3 Nc6 18. Nxc6+ bxc6 19. Be3 c5 20. Ba6
Kd7 21. Bb7 Bxd3 22. Rd1 Rb8 23. Rxd3 Rxb7 24. Bxc5 Rxb2 25. Rxd6+ Kc8 26. Bxa7
Rxa2 27. Bd4 Rxa8 28. Bxg7 1-0

[Event "Madrid ch veteranos 2008-2009"]
[Site "Madrid ESP"]
[Date "2009.02.09"]
[Round "1.11"]
[White "Martinez Miura, Enrique"]
[Black "Fernandez Garcia, Ignacio"]
[Result "1-0"]
[WhiteElo "1735"]
[BlackElo "1973"]
[PlyCount "113"]
[EventDate "2009.02.09"]
[EventType "swiss"]
[EventRounds "9"]
[EventCountry "ESP"]
[Source "lmi"]
[SourceDate "2009.02.09"]

1. e4 e6 2. d4 d5 3. Nc3 b6 4. e5 f6 5. f4 Nh6 6. Nf3 Be7 7. Bd3 O-O 8. O-O c5
9. Be3 Ng4 10. Qd2 Nxe3 11. Qxe3 cxd4 12. Nxd4 Bc5 13. Nce2 Nc6 14. c3 Qc7 15.
Kh1 fxe5 16. fxe5 Rxf1+ 17. Rxf1 Qxe5 18. Qh3 g6 19. Nxc6 Qd6 20. Qh6 e5 21.
Nb4 e4 22. Bc2 Bxb4 23. cxb4 Ba6 24. Bd1 Qxb4 25. Qf4 Qe7 26. Qf6 Qxf6 27. Rxf6
Bxe2 28. Bxe2 Rd8 29. Kg1 Kg7 30. Rc6 Kh6 31. h4 d4 32. Kf2 Rf8+ 33. Ke1 d3 34.
Bd1 e3 35. Bf3 Rf4 36. Rd6 d2+ 37. Ke2 Rb4 38. b3 Rxh4 39. Kxe3 Rh1 40. Kxd2
Ra1 41. a4 Rb1 42. Kc2 Re1 43. Rd7 a5 44. Rd6 Re7 45. Rxb6 Ra7 46. Kc3 Kg5 47.
Kc4 Kf4 48. Rb7 Ra6 49. Rxh7 Rb6 50. Rb7 Re6 51. Rb5 Ra6 52. Kc5 g5 53. Rb6 Ra7
54. Bb7 g4 55. Kc6 Kg3 56. Kc7 Kf2 57. Kb8 1-0

[Event "Madrid ch veteranos 2008-2009"]
[Site "Madrid ESP"]
[Date "2009.02.09"]
[Round "1.12"]
[White "Pardo Robles, Jose Manuel"]
[Black "Rodriguez Lopez-Cañizares, Francisco"]
[Result "1/2-1/2"]
[WhiteElo "1946"]
[BlackElo "1693"]
[PlyCount "96"]
[EventDate "2009.02.09"]
[EventType "swiss"]
[EventRounds "9"]
[EventCountry "ESP"]
[Source "lmi"]
[SourceDate "2009.02.09"]

1. c4 c5 2. Nc3 Nf6 3. Nf3 b6 4. g3 Bb7 5. Bg2 Nc6 6. O-O g6 7. d4 cxd4 8. Nxd4
Na5 9. Nd5 e6 10. Nxf6+ Qxf6 11. Nb5 Bxg2 12. Kxg2 Kd8 13. Be3 e5 14. Rc1 Qc6+
15. Qd5 Qxd5+ 16. cxd5 Nb7 17. Nxa7 Bc5 18. Bg5+ Be7 19. Be3 Bc5 20. Bxc5 bxc5
21. Nb5 d6 22. a3 Ra5 23. Nc3 f5 24. e4 Kd7 25. f4 Re8 26. exf5 gxf5 27. fxe5
dxe5 28. Rxf5 Nd6 29. Rh5 Re7 30. Re1 e4 31. Rh4 Nc4 32. b3 Nd2 33. Nxe4 Nxe4
34. Rhxe4 Rxe4 35. Rxe4 Rxa3 36. Rh4 Rxb3 37. Rxh7+ Kd6 38. h4 c4 39. Rh8 Kxd5
40. Rd8+ Ke4 41. h5 c3 42. h6 Rb7 43. Rc8 Kd3 44. g4 c2 45. g5 Rb5 46. Kh3 Rxg5
47. Kh4 Rg6 48. Kh5 Rxh6+ 1/2-1/2

[Event "Madrid ch veteranos 2008-2009"]
[Site "Madrid ESP"]
[Date "2009.02.09"]
[Round "1.13"]
[White "Arias de Reina Martinez, Francisco"]
[Black "Lopez Heras, Arturo"]
[Result "0-1"]
[WhiteElo "1615"]
[BlackElo "1943"]
[PlyCount "64"]
[EventDate "2009.02.09"]
[EventType "swiss"]
[EventRounds "9"]
[EventCountry "ESP"]
[Source "lmi"]
[SourceDate "2009.02.09"]

1. e4 e5 2. Nf3 Nc6 3. Bb5 f5 4. d3 fxe4 5. dxe4 Nf6 6. O-O d6 7. Re1 Be7 8.
Nc3 O-O 9. Bc4+ Kh8 10. Ng5 Qe8 11. Be6 Nd4 12. Bxc8 Rxc8 13. h3 Nh5 14. Nd5
Bxg5 15. Bxg5 Qg6 16. Be3 Nf3+ 17. Kh1 Nxe1 18. Qxe1 Rf7 19. Qe2 Rcf8 20. c4 c6
21. Nc3 Nf6 22. Rd1 Nxe4 23. Nxe4 Qxe4 24. Rxd6 Qb1+ 25. Kh2 Qxa2 26. Re6 Qa5
27. Qh5 Qc7 28. Kg1 Re7 29. Bc5 Rxe6 30. Bxf8 c5 31. Qg5 b6 32. b4 Rf6 0-1

[Event "Madrid ch veteranos 2008-2009"]
[Site "Madrid ESP"]
[Date "2009.02.09"]
[Round "1.14"]
[White "Beekhof Harmsen, Willen"]
[Black "Vicario Ramirez, Celestino"]
[Result "1-0"]
[WhiteElo "1942"]
[BlackElo "1607"]
[PlyCount "95"]
[EventDate "2009.02.09"]
[EventType "swiss"]
[EventRounds "9"]
[EventCountry "ESP"]
[Source "lmi"]
[SourceDate "2009.02.09"]

1. d4 Nf6 2. Nf3 g6 3. Nbd2 c5 4. e3 Bg7 5. c3 O-O 6. Bd3 d5 7. O-O c4 8. Bc2
b5 9. a4 Bd7 10. axb5 Bxb5 11. Re1 e6 12. e4 Ng4 13. h3 Nh6 14. e5 f5 15. exf6
Rxf6 16. Nf1 Qb6 17. Bg5 Rf8 18. Be7 Re8 19. Bc5 Qb7 20. Qc1 Nf7 21. N1h2 Nd7
22. Bb4 e5 23. dxe5 Ndxe5 24. Nd4 Bd7 25. Qf4 Nd3 26. Bxd3 cxd3 27. Ng4 Re4 28.
Nf6+ Bxf6 29. Qxf6 Rd8 30. Rxe4 dxe4 31. Qf4 Qb8 32. Qxb8 Rxb8 33. Kf1 Ne5 34.
Bd6 Re8 35. Bxe5 Rxe5 36. Rxa7 Rd5 37. Ke1 Kf7 38. Kd2 Kf6 39. f3 Ke5 40. fxe4
Kxe4 41. b4 h5 42. Ra6 Bf5 43. g4 hxg4 44. hxg4 Bxg4 45. Rxg6 Bd7 46. Rg3 Bb5
47. Re3+ Kf4 48. Nxb5 1-0

[Event "Madrid ch veteranos 2008-2009"]
[Site "Madrid ESP"]
[Date "2009.02.09"]
[Round "1.15"]
[White "Zamora Pastora, Roger"]
[Black "Lastras Hernandez, Tomas"]
[Result "1/2-1/2"]
[WhiteElo "1601"]
[BlackElo "1936"]
[PlyCount "71"]
[EventDate "2009.02.09"]
[EventType "swiss"]
[EventRounds "9"]
[EventCountry "ESP"]
[Source "lmi"]
[SourceDate "2009.02.09"]

1. d4 Nf6 2. Nf3 d5 3. c4 e6 4. Nc3 Be7 5. Bg5 c6 6. e3 O-O 7. Bd3 dxc4 8. Bxc4
h6 9. Bxf6 Bxf6 10. O-O Nd7 11. Rc1 Nb6 12. Bb3 Nd5 13. Ne4 Be7 14. Ne5 Nf6 15.
Ng3 Bd6 16. f4 Nd5 17. Qf3 Nf6 18. Ne4 a5 19. Bc2 Nxe4 20. Qxe4 f5 21. Qf3 c5
22. Ng6 Rf6 23. Ne5 cxd4 24. exd4 Rb8 25. Rfd1 Qc7 26. Qc3 b5 27. Qxc7 Bxc7 28.
a3 b4 29. axb4 axb4 30. Bb3 Rf8 31. Re1 Bxe5 32. dxe5 Kf7 33. Rc7+ Kg6 34. Re7
Rb6 35. Rc1 Rd8 36. Rcc7 1/2-1/2

[Event "Madrid ch veteranos 2008-2009"]
[Site "Madrid ESP"]
[Date "2009.02.09"]
[Round "1.16"]
[White "Alvarez Escudero, Manuel"]
[Black "Aburto Renobales, Rafael"]
[Result "1-0"]
[WhiteElo "1935"]
[BlackElo "1534"]
[PlyCount "45"]
[EventDate "2009.02.09"]
[EventType "swiss"]
[EventRounds "9"]
[EventCountry "ESP"]
[Source "lmi"]
[SourceDate "2009.02.09"]

1. e4 c5 2. Nf3 d6 3. Bc4 e6 4. c3 a6 5. d4 d5 6. exd5 exd5 7. Bb3 c4 8. Ba4+
Bd7 9. O-O b5 10. Bc2 Nf6 11. Ne5 Be6 12. Bg5 Be7 13. Re1 O-O 14. Nd2 Qd6 15.
Ndf3 Nbd7 16. Bf4 Nxe5 17. Bxe5 Qd7 18. h3 h6 19. b3 Rac8 20. bxc4 Rxc4 21. Qd3
Qc8 22. Bxf6 Bxf6 23. Qh7# 1-0

[Event "Madrid ch veteranos 2008-2009"]
[Site "Madrid ESP"]
[Date "2009.02.10"]
[Round "2.1"]
[White "Estrada Martinez, Cesar"]
[Black "Beekhof Harmsen, Willen"]
[Result "1-0"]
[WhiteElo "2238"]
[BlackElo "1942"]
[PlyCount "75"]
[EventDate "2009.02.09"]
[EventType "swiss"]
[EventRounds "9"]
[EventCountry "ESP"]
[Source "lmi"]
[SourceDate "2009.02.09"]

1. Nf3 Nf6 2. c4 g6 3. d4 Bg7 4. Nc3 d6 5. g3 O-O 6. Bg2 Na6 7. O-O c5 8. b3
cxd4 9. Nxd4 Nc7 10. e4 Rb8 11. Bb2 a6 12. Qe2 Ne6 13. Nxe6 fxe6 14. e5 Ne8 15.
Rad1 Bxe5 16. Qxe5 Qc7 17. Qe2 Nf6 18. Bh3 e5 19. Bxc8 Rbxc8 20. Nd5 Nxd5 21.
Rxd5 b6 22. f4 e6 23. Rd2 Qc5+ 24. Kg2 Qc6+ 25. Qf3 e4 26. Qe3 Kf7 27. Rfd1
Rcd8 28. Kg1 d5 29. Qd4 Qc5 30. Qxc5 bxc5 31. cxd5 Rc8 32. d6 Rfd8 33. Rc2 Rc6
34. Be5 Ke8 35. Rdc1 Rdc8 36. Kf2 Kd7 37. Ke3 a5 38. Kxe4 1-0

[Event "Madrid ch veteranos 2008-2009"]
[Site "Madrid ESP"]
[Date "2009.02.10"]
[Round "2.2"]
[White "Alvarez Escudero, Manuel"]
[Black "Queimadelos Garcia, Victor"]
[Result "1-0"]
[WhiteElo "1935"]
[BlackElo "2082"]
[PlyCount "88"]
[EventDate "2009.02.09"]
[EventType "swiss"]
[EventRounds "9"]
[EventCountry "ESP"]
[Source "lmi"]
[SourceDate "2009.02.09"]

1. e4 c5 2. Nf3 e6 3. Bc4 a6 4. c3 b5 5. Bb3 Bb7 6. Bc2 d5 7. exd5 Bxd5 8. O-O
Nf6 9. d4 Nbd7 10. Be3 Qc7 11. h3 Be7 12. Nbd2 O-O 13. dxc5 Nxc5 14. Bd4 Rad8
15. Qe2 Qb7 16. Rfe1 Ncd7 17. b3 Bd6 18. Ne4 Nxe4 19. Bxe4 Bxe4 20. Qxe4 Qxe4
21. Rxe4 Nc5 22. Bxc5 Bxc5 23. c4 b4 24. Re5 Bb6 25. Rae1 Rd3 26. R5e2 Rfd8 27.
Ne5 Rd1 28. Kf1 Rxe1+ 29. Kxe1 Bd4 30. f4 f6 31. Nf3 Bc3+ 32. Kf2 Kf7 33. Rc2
Ke7 34. Ke2 Rd7 35. Nd2 e5 36. fxe5 Bxe5 37. Ne4 g6 38. Rd2 Rxd2+ 39. Kxd2 f5
40. Nc5 a5 41. Ke3 Kd6 42. Nd3 Ke6 43. Nf4+ Kd6 44. Ne2 Ke6 1-0

[Event "Madrid ch veteranos 2008-2009"]
[Site "Madrid ESP"]
[Date "2009.02.10"]
[Round "2.3"]
[White "Ortega Morales, Pedro"]
[Black "Ciuro Munoz, Ricardo"]
[Result "0-1"]
[WhiteElo "1892"]
[BlackElo "2071"]
[PlyCount "104"]
[EventDate "2009.02.09"]
[EventType "swiss"]
[EventRounds "9"]
[EventCountry "ESP"]
[Source "lmi"]
[SourceDate "2009.02.09"]

1. d4 Nf6 2. Bf4 g6 3. e3 Bg7 4. Nf3 d6 5. Be2 O-O 6. h3 Nbd7 7. O-O e6 8. c4
Qe7 9. Nc3 e5 10. Bh2 Rd8 11. Re1 c6 12. b4 Ne8 13. Qb3 Nc7 14. Rad1 b6 15. a4
Bb7 16. dxe5 dxe5 17. Rd2 a5 18. bxa5 Ne6 19. axb6 Nec5 20. Qb4 Bf8 21. Red1 f6
22. Qb1 Nxa4 23. Nxa4 Rxa4 24. c5 Raa8 25. Ne1 Nxc5 26. Rxd8 Rxd8 27. Rxd8 Qxd8
28. Nd3 Kg7 29. Nxc5 Bxc5 30. Qd3 Qxd3 31. Bxd3 Bxb6 32. Kf1 c5 33. f3 Bd5 34.
Bc2 Bc4+ 35. Kf2 Kf7 36. h4 Ke6 37. h5 f5 38. hxg6 hxg6 39. g4 Bb5 40. gxf5+
gxf5 41. e4 f4 42. Bg1 c4+ 43. Kg2 Bxg1 44. Kxg1 Kd6 45. Kh2 Bd7 46. Kg1 Kc5
47. Kf2 Kd4 48. Ke2 Kc3 49. Kd1 Bh3 50. Kc1 Bg2 51. Bd1 Kd3 52. Ba4 Bxf3 0-1

[Event "Madrid ch veteranos 2008-2009"]
[Site "Madrid ESP"]
[Date "2009.02.10"]
[Round "2.4"]
[White "Rodriguez Bachiller, Luis"]
[Black "Garcia Gutierrez, Jose"]
[Result "1-0"]
[WhiteElo "1888"]
[BlackElo "2060"]
[PlyCount "117"]
[EventDate "2009.02.09"]
[EventType "swiss"]
[EventRounds "9"]
[EventCountry "ESP"]
[Source "lmi"]
[SourceDate "2009.02.09"]

1. e4 e6 2. d4 d5 3. exd5 exd5 4. Bd3 Bd6 5. Nf3 Nf6 6. O-O O-O 7. Bg5 Bg4 8.
Nbd2 Nbd7 9. c3 c6 10. Qc2 Qc7 11. h3 Bh5 12. Rfe1 Rae8 13. Rxe8 Rxe8 14. Re1
Rxe1+ 15. Nxe1 Bh2+ 16. Kf1 Bf4 17. Bxf4 Qxf4 18. Ndf3 Bxf3 19. Nxf3 Ne4 20.
Qe2 f5 21. g3 Qd6 22. Kg2 b6 23. Bc2 h6 24. Qa6 Qc7 25. Nh4 f4 26. g4 Nf8 27.
Qe2 Qe7 28. Nf5 Qe6 29. f3 Ng5 30. Qxe6+ Ngxe6 31. Ne7+ Kf7 32. Nxc6 a6 33. Bb3
Nc7 34. h4 Ke6 35. Ne5 b5 36. Bc2 g5 37. h5 Kf6 38. Bf5 Nce6 39. Kf2 b4 40. Ke2
bxc3 41. bxc3 Ng7 42. Bg6 Nfe6 43. Kd2 Nf8 44. Bf5 Nfe6 45. Kc2 Nf8 46. Bg6
Nge6 47. Kb3 Nc5+ 48. Kb4 Nb7 49. Nf7 Kg7 50. Ne5 Kf6 51. Bf5 Ne6 52. Nd7+ Ke7
53. Bxe6 a5+ 54. Kb5 Nd6+ 55. Kxa5 Nc4+ 56. Kb4 Kxe6 57. Ne5 Nxe5 58. dxe5 Kxe5
59. Kc5 1-0

[Event "Madrid ch veteranos 2008-2009"]
[Site "Madrid ESP"]
[Date "2009.02.10"]
[Round "2.5"]
[White "Campos Calvo-Sotelo, Juan"]
[Black "Pascual Perdiguero, Jose Maria"]
[Result "1/2-1/2"]
[WhiteElo "2057"]
[BlackElo "1873"]
[PlyCount "71"]
[EventDate "2009.02.09"]
[EventType "swiss"]
[EventRounds "9"]
[EventCountry "ESP"]
[Source "lmi"]
[SourceDate "2009.02.09"]

1. b4 Nf6 2. c4 e6 3. a3 c5 4. b5 d5 5. e3 Nbd7 6. Nf3 b6 7. Bb2 Bd6 8. Nc3 Bb7
9. d4 Qc7 10. Rc1 O-O 11. Bd3 Rac8 12. h3 cxd4 13. Nxd4 e5 14. Nf5 Nc5 15. Bb1
d4 16. exd4 exd4 17. Nd5 Bxd5 18. cxd5 Nxd5 19. Qxd4 Rfe8+ 20. Kf1 Be5 21. Qxd5
Bxb2 22. Rd1 Bxa3 23. g4 Ne6 24. Qf3 Bc5 25. h4 Qf4 26. Kg2 Qxf3+ 27. Kxf3 g6
28. Nd6 Nd4+ 29. Rxd4 Bxd4 30. Nxe8 Rxe8 31. Rd1 Bc5 32. Be4 Kg7 33. Bc6 Re7
34. Rd2 Kf6 35. Rd8 Kg7 36. Rd2 1/2-1/2

[Event "Madrid ch veteranos 2008-2009"]
[Site "Madrid ESP"]
[Date "2009.02.10"]
[Round "2.6"]
[White "Pardinas Riano, Emilio"]
[Black "Fuentes Arjona, Antonio"]
[Result "0-1"]
[WhiteElo "1866"]
[BlackElo "2043"]
[PlyCount "116"]
[EventDate "2009.02.09"]
[EventType "swiss"]
[EventRounds "9"]
[EventCountry "ESP"]
[Source "lmi"]
[SourceDate "2009.02.09"]

1. e4 c5 2. Nf3 Nc6 3. d4 cxd4 4. Nxd4 g6 5. Be2 Bg7 6. Be3 Nf6 7. Nc3 O-O 8.
O-O d5 9. exd5 Nxd5 10. Nxd5 Nxd4 11. Bxd4 Qxd5 12. Bxg7 Qxd1 13. Rfxd1 Kxg7
14. Rd2 Be6 15. Rad1 Rac8 16. a3 b6 17. h3 Rc5 18. g4 Rfc8 19. c3 h5 20. f3 Bb3
21. Re1 R8c7 22. Kf2 hxg4 23. hxg4 e5 24. Bd1 Be6 25. Bc2 Kf6 26. Rde2 Bc4 27.
Re3 Rd5 28. Kg3 Rd2 29. Rc1 Rc8 30. b3 Bf1 31. Rxf1 Rxc2 32. c4 Rh8 33. Rf2 Rc1
34. Rg2 Rhh1 35. Ree2 Rc3 36. Rb2 Ra1 37. Rgc2 Rxc2 38. Rxc2 Rxa3 39. Rb2 Kg5
40. Rb1 f5 41. gxf5 gxf5 42. Rb2 a5 43. Kf2 Kf4 44. Ke2 a4 45. bxa4 Rxa4 46.
Rxb6 Rxc4 47. Rb3 Rc2+ 48. Kf1 Kg3 49. Re3 Kf4 50. Rd3 Rh2 51. Rc3 Rh3 52. Kf2
e4 53. Kg2 Rg3+ 54. Kf2 Rxf3+ 55. Rxf3+ exf3 56. Kf1 Ke3 57. Ke1 f2+ 58. Kf1 f4
0-1

[Event "Madrid ch veteranos 2008-2009"]
[Site "Madrid ESP"]
[Date "2009.02.10"]
[Round "2.7"]
[White "Perez Cameselle, Francisco"]
[Black "Olano Lanchas, Dionisio"]
[Result "1-0"]
[WhiteElo "1996"]
[BlackElo "1838"]
[PlyCount "65"]
[EventDate "2009.02.09"]
[EventType "swiss"]
[EventRounds "9"]
[EventCountry "ESP"]
[Source "lmi"]
[SourceDate "2009.02.09"]

1. Nf3 Nf6 2. g3 d6 3. d3 d5 4. Bg2 Nc6 5. Nbd2 e5 6. O-O Bd6 7. e4 dxe4 8.
dxe4 Bg4 9. h3 Bh5 10. c3 O-O 11. Qc2 h6 12. Nc4 Bg6 13. Nh4 Be7 14. Nxg6 fxg6
15. b4 b5 16. Ne3 Kh7 17. a4 bxa4 18. Qxa4 Qe8 19. Nd5 Bd6 20. Be3 Ne7 21. Qxe8
Rfxe8 22. Nxe7 Rxe7 23. Rxa7 Rxa7 24. Bxa7 Nd7 25. Rd1 Re6 26. c4 c5 27. b5 Rf6
28. b6 Kg8 29. b7 Kf7 30. h4 Ke7 31. Bh3 Rf8 32. Bxd7 Kxd7 33. b8=Q 1-0

[Event "Madrid ch veteranos 2008-2009"]
[Site "Madrid ESP"]
[Date "2009.02.10"]
[Round "2.8"]
[White "Martinez Miura, Enrique"]
[Black "Gabriel y Galan Acevedo, Jesus"]
[Result "0-1"]
[WhiteElo "1735"]
[BlackElo "1994"]
[PlyCount "98"]
[EventDate "2009.02.09"]
[EventType "swiss"]
[EventRounds "9"]
[EventCountry "ESP"]
[Source "lmi"]
[SourceDate "2009.02.09"]

1. e4 e5 2. Nf3 Nf6 3. Nxe5 d6 4. Nf3 Nxe4 5. Nc3 d5 6. d4 Bb4 7. Bd2 Nxd2 8.
Qxd2 O-O 9. O-O-O c6 10. a3 Bd6 11. Kb1 b5 12. Na2 a5 13. Bd3 b4 14. a4 Nd7 15.
Rde1 c5 16. dxc5 Nxc5 17. b3 Qf6 18. Qg5 Qxg5 19. Nxg5 h6 20. Nf3 Nxd3 21. cxd3
Bf5 22. Nc1 Rac8 23. Nd4 Bg6 24. Nb5 Bf4 25. g3 Bxc1 26. Rxc1 Bxd3+ 27. Kb2
Rfe8 28. Rxc8 Rxc8 29. Rc1 Re8 30. Nd4 Re4 31. Rc8+ Kh7 32. Nc6 Re2+ 33. Kc1
Rxf2 34. Nxa5 Be4 35. Rb8 Rc2+ 36. Kd1 Rc5 37. Rb5 Rc7 38. Rxb4 f5 39. Rd4 Kg6
40. Rd2 Kf6 41. Rb2 g5 42. b4 d4 43. b5 Ra7 44. Nc6 Rxa4 45. Nb4 Ra1+ 46. Kd2
Rh1 47. Nd3 Rxh2+ 48. Kc1 Rxb2 49. Nxb2 h5 0-1